LEADER 02111nam 22005055 450 001 996580163803316 005 20240130111714.0 010 $a3-8394-6630-X 024 7 $a10.1515/9783839466308 035 $a(CKB)30365698100041 035 $a(DE-B1597)649715 035 $a(DE-B1597)9783839466308 035 $a(EXLCZ)9930365698100041 100 $a20240130h20242024 fg 101 0 $ager 135 $aur||||||||||| 181 $ctxt$2rdacontent 182 $cc$2rdamedia 183 $acr$2rdacarrier 200 00$aBeschwerde führen $eSystemkritik zwischen Engagement und Exzess /$fhrsg. von Juliane Prade-Weiss, Rupert Gaderer 210 1$aBielefeld : $ctranscript Verlag, $d[2024] 210 4$d2024 215 $a1 online resource (198 p.) 225 0 $aLettre 330 $aSich zu beschweren gehört zu den üblichsten Formen der Alltagssprache. Zugleich ist das Vorbringen von Beschwerden ein zentrales Element der Aushandlung sozialer Systeme. In beiden Fällen changieren Beschwerden zwischen konstruktivem Engagement und destruktivem Exzess. Die Beiträger*innen aus der Literatur- und Medienwissenschaft untersuchen die Strukturlogik des Beschwerdeführens in Literatur, Film und anderen Medien und decken auf, wie dessen grundlegende Ambivalenz die Verhandlung von Sachfragen bestimmt. Dabei liegt der Fokus nicht nur darauf, über was, sondern auch darauf, wie Beschwerde geführt wird. 606 $aLITERARY CRITICISM / General$2bisacsh 610 $aCritique. 610 $aCultural Studies. 610 $aFilm. 610 $aIsolation. 610 $aLanguage. 610 $aLiterary Studies. 610 $aLiterature. 610 $aMedia. 610 $aSocial Relations. 610 $aSociety. 615 7$aLITERARY CRITICISM / General. 702 $aGaderer$b Rupert, $4edt$4http://id.loc.gov/vocabulary/relators/edt 702 $aPrade-Weiss$b Juliane, $4edt$4http://id.loc.gov/vocabulary/relators/edt 801 0$bDE-B1597 801 1$bDE-B1597 906 $aBOOK 912 $a996580163803316 996 $aBeschwerde führen$93907353 997 $aUNISA